| 000 | 01094nac a22002891u 4500 | ||
|---|---|---|---|
| 010 | _a 2007015475 | ||
| 020 | _a9780136155638 | ||
| 020 | _a0136155634 | ||
| 035 | _a(OCoLC)ocn123232347 | ||
| 035 | _a(OCoLC)123232347 | ||
| 082 | 0 | 0 |
_a337 _bBAL |
| 090 |
_c8669 _d8669 |
||
| 100 | _aBalaam, David N., | ||
| 245 | 1 | 0 |
_aIntroduction to international political economy / _cDavid N. Balaam, Michael Veseth. |
| 250 | _a4th ed. | ||
| 260 |
_aUpper Saddle River, N.J. : _bPearson/Prentice Hall,c2008. _cc2008. |
||
| 300 |
_axviii, 509 p. : _bill. ; _c24 cm. |
||
| 500 | _a"In collaboration with Faculty of the International Political Economy Program, University of Puget Sound." | ||
| 500 | _aDistributer: Baccah. | ||
| 500 | _aInternational ed. | ||
| 504 | _aIncludes bibliographical references and index. | ||
| 511 | _aCatalogued By: Mahitab. | ||
| 650 | 0 | _aInternational economic relations. | |
| 700 | 1 | _aVeseth, Michael. | |
| 856 | 4 | 1 |
_3Table of contents only _uhttp://www.loc.gov/catdir/toc/ecip0715/2007015475.html |
| 942 |
_cBB _k337BAL |
||
| 999 |
_c8669 _d8669 |
||